| 000 | 01818nam a2200289 a 4500 | ||
|---|---|---|---|
| 005 | 20260505221522.0 | ||
| 008 | 171211b xxu||||| |||| 00| 0 spa d | ||
| 040 |
_aCO-BoIAVH _cCO-BoIAVH |
||
| 041 | _aspa | ||
| 044 | _ack | ||
| 090 |
_aIAVH _b1996 |
||
| 110 | _bInstituto de Investigación de Recursos Biológicos Alexander von Humboldt | ||
| 245 | _aInforme gestión institucional anual 1996 | ||
| 260 |
_aBogotá : _bInstituto de Investigación de Recursos Biológicos Alexander von Humboldt, _c1997. |
||
| 300 | _a31 páginas | ||
| 520 | _aEste informe anual presenta los resultados del primer año de vida del instituto del Instituto de Investigación de Recursos Biológicos Alexander von Humboldt. En el informe se resumen los logros principales y los primeros pasos que servirán como fundamento de la gestión futura del Instituo. Gran parte de los esfuerzos del año 1996 han estado orientados hacia la definición de un plan estratégico a mediano plazo, el cual servirá como guía para llevar acabo las acciones y evaluar el impacto de los resultados. Trescientos investigadores de todo el país han participado en el proceso dinámico.(Tomado de la fuente) | ||
| 650 | 1 | 6 |
_aMisión _zColombia |
| 650 | 1 | 6 |
_aMiembros _zColombia |
| 650 | 1 | 6 |
_aJunta directiva _zColombia |
| 650 | 1 | 6 |
_aPrograma de inventarios de biodiversidad _zColombia |
| 650 | 1 | 6 |
_aPrograma de biología de la conservación _zColombia |
| 650 | 1 | 6 |
_aPrograma de uso y valoración _zColombia |
| 650 | 1 | 6 |
_aPrograma de política y legislación _zColombia |
| 710 | _aInstituto de Investigación de Recursos Biológicos Alexander von Humboldt | ||
| 856 | _uhttps://repository.humboldt.org.co/entities/publication/b8234cc7-d359-4017-86a9-417d20aac9c0 | ||
| 942 |
_cINFORME _2z |
||
| 999 |
_c1647 _d1647 |
||